| 000 | 00778nam a2200205 i 4500 | ||
|---|---|---|---|
| 001 | 38093 | ||
| 003 | ES-MaACL | ||
| 005 | 20250815150003.0 | ||
| 007 | t| | ||
| 008 | 030224s1876 sp ||||1| spa d | ||
| 080 | _a72.01 | ||
| 100 | 1 |
_aCabello y Aso, Luis. _933180 |
|
| 245 | 1 | 3 |
_aLa arquitectura, su teoría estética expuesta comprobada y aplicada a la composición contituyendo un ensayo de teoría del arte / _cpor Luis Cabello y Aso. |
| 260 |
_aMadrid : _b[s.n.], _c1876 ( _fImp. de T. Fortanet) |
||
| 300 |
_aXV, 400 p. ; _c23 cm. |
||
| 594 | _aPrecede al título: Estética de las artes del dibujo. | ||
| 650 | 7 |
_aEstética arquitectónica _2embne _9149651 |
|
| 852 |
_aES-MaACL _jZ-209 _xOlim: G-2606 _d _z.- Legado M. de la Fuente |
||
| 999 |
_c38093 _d38093 |
||